000 00706nas a2200241 4500
001 BR9503451
003 BR-BrBNA
005 20231205094347.0
007 ta
008 230509b bl.|||p| |||| 00| 00por d
040 _aBR-BrBNA
_bpor
_cBiblioteca Nacional de Agricultura
041 _a(Pt)
072 _aL73
100 1 _aMello, P.A. de
100 1 _aTorre, J. la
245 1 _aCaracteristicas gerais, componentes macromoleculares e estrutura do virus da febre aftosa
650 _aAftosa
650 _aVirus
650 _aBiotecnologia
773 0 _tHora Veterinaria (Brazil)
_x
_g(Jan-Feb 1984), no. 17 p. 36-41
_wBR9503451
909 _a202311
_bLúcia
_c55
_dLúcia Elande
942 _2AGRIS
_n0
_cANA
999 _c143799
_d143799